Statistics for Lyrics to Meet Me In The Hallway by Harry Styles

Click here to take the quiz!

General Stats

  • This quiz has been taken 806 times
  • The average score is 161 of 194

Answer Stats

Meet Me In The Hallway% Correct
me
100%
Verse 1Meet
100%
meet
100%
hallway
99%
I
99%
the
99%
in
98%
you
93%
be
92%
just
92%
ChorusJust
92%
do
91%
do?
91%
know
88%
let
88%
I'll
87%
on
87%
some
87%
door
86%
give
86%
Give
86%
your
86%
bedroom
85%
left
85%
we
84%
OutroWe
84%
floor
83%
go
83%
at
82%
it
82%
out
82%
get
80%
more
80%
to
80%
better
79%
come
78%
maybe
78%
Maybe
78%
we'll
78%
work
78%
And
77%
around
77%
gotta
77%
Hoping
76%
Is
76%
morphine
76%
you'll
76%
any
75%
there
75%
don't
70%
away
67%
talk
67%
pain
66%
take
66%
about
65%
Cause
65%
something
64%
with
64%
all
63%
day
62%
streets
61%
will
61%
nothing
60%
running
60%
else
59%
it's
59%
once
57%
without
57%
walked
54%
thieves
51%
four
39%
three
39%
IntroTwo
39%

Score Distribution

Percentile by Number Answered

Percent of People with Each Score

Your Score History

You have not taken this quiz